Designing wide area networks and internetworks

Gespeichert in:
Bibliographische Detailangaben
1. Verfasser: Marcus, J. Scott
Format: Buch
Sprache:Undetermined
Veröffentlicht: Sydney Addison-Wesley 1999
Schlagworte:
Tags: Tag hinzufügen
Keine Tags, Fügen Sie den ersten Tag hinzu!
Thư viện lưu trữ: Trung tâm Học liệu Trường Đại học Cần Thơ
LEADER 00567nam a2200193Ia 4500
001 CTU_93457
008 210402s9999 xx 000 0 und d
020 |c 480000 
082 |a 004.67 
082 |b M322 
100 |a Marcus, J. Scott 
245 0 |a Designing wide area networks and internetworks 
245 0 |c J. Scott Marcus 
260 |a Sydney 
260 |b Addison-Wesley 
260 |c 1999 
650 |a Wide area networks (computer networks),Internetworking (telecommunication) 
904 |i Giang 
980 |a Trung tâm Học liệu Trường Đại học Cần Thơ